000 00691nam a2200217 u 4500
005 20210223132649.0
008 150605s2003 mx r 000 0 spa d
020 _a4880125067
035 _aUPN01000204107
049 _aI
050 4 _aPZ74.1
_bH4.4
100 1 _aHearn, Lafcadio,
_d1850-1904
_937642
245 1 4 _aLos diez mil rubíes /
_cLafcadio Hearn, Mikiko Hanashima ; il. H. Fujikawa ; tr. E. Campelo.
260 _aJapón :
_bShinseken,
_cc2003.
300 _a[30] p. :
_bprincipalmente il. col.
650 4 _aLEYENDAS JAPONESAS
_919860
650 4 _aLEYENDAS -
_vLITERATURA INFANTIL
_919858
700 1 _aHanashima, Mikiko,
_ecoaut.
905 _aInfantil
999 _c176208
_d176208